000 00981cam a22003017a 4500
003 CHAP
005 20220817041824.0
008 971013s1969 r 00010 d
010 _a25570
011 _a26542
035 _a30643
040 _cCHAP
090 _aFolleto 3110
110 _aInstituto Panamericano de Geografía e Historia. Comisión de Cartografía
_959414
245 0 _aManual técnico de convenciones topográficas
260 _aBogotá :
_bInstituto Geográfico Agustín Codazzi,
_c1969
300 _a84 p.
_b: ilus
490 0 _aPublicación
_v; 321
590 _aBATCH-UPD
_b10
_c20130110
_lUCH01
_h1330
590 _aBATCH-UPD
_b10
_c20130410
_lUCH01
_h0836
590 _aBATCH-UPD
_b10
_c20130914
_lUCH01
_h1946
590 _aCONVERSION
_b10
_c20130109
_lUCH01
_h1315
650 1 4 _aTopografía
_xCartas, diagramas, etc.
_9113910
830 0 _aPublicación
_v; 321
901 _aBK
942 _cFOLL
949 _aFolleto 3110
_bBC
_cFOLL
_d-70981
_eTS1
_i30643
_si
999 _c25570
_d25570